Regional innovation systems : the role of governances in a globalized world
Αποθηκεύτηκε σε:
| Άλλοι συγγραφείς: | , , |
|---|---|
| Μορφή: | Βιβλίο |
| Γλώσσα: | English |
| Δημοσίευση: |
London :
UCL Press,
c1998
|
| Θέματα: | |
| Ετικέτες: |
Προσθήκη ετικέτας
Δεν υπάρχουν, Καταχωρήστε ετικέτα πρώτοι!
|
MARC
| LEADER | 00000nam a2200000 i 4500 | ||
|---|---|---|---|
| 001 | 1/88974 | ||
| 008 | 990825s1998 eng d | ||
| 020 | |a 1-85728-690-1 | ||
| 035 | |l 10052664 | ||
| 040 | |a GR-MY-UA |b gre |e aacr | ||
| 041 | 0 | |a eng | |
| 082 | 0 | |a 338.9 | |
| 245 | 1 | 0 | |a Regional innovation systems : |b the role of governances in a globalized world / |c Edited by Hans-Joachim Braczyk, Philip Cooke, Martin Heidenreich ; with editorial assistance from Gerhard Krauss |
| 260 | |a London : |b UCL Press, |c c1998 | ||
| 300 | |a 499 p. |b fig.; tabl. | ||
| 504 | |a Includes bibliographical references and index | ||
| 650 | 0 | 0 | |a Regional planning. |
| 650 | 0 | 0 | |a Technological innovations |x Economic aspects. |
| 650 | 0 | 0 | |a Regional economics. |
| 700 | 1 | |a Braczyk, Hans-Joachim |d 1942- |4 edt | |
| 700 | 1 | |a Cooke, Philip |q (Philip N.) |4 edt | |
| 700 | 1 | |a Heidenreich, Martin. |4 edt | |
| 852 | |a INST |b LESVOS |e 19990825 |h 338.9 REG |p 005100022622 |q 005100022622 |t BK |y 0 | ||
| 901 | |a BIBL1-1999-2 | ||
| 909 | |a Λ |b 063697 | ||
| 922 | |a 1ΕΛΗ |b 199901 |c ΚΠΣ/ΚΟΥΡΛΙΟΥΡΟΣ |d GLORY | ||
| 950 | |a 152-1998-11-23 | ||
| 970 | |a ΜΟΥΣΤΑΚΑ |b ΠΗΝΕΛΟΠΗ |z 1999/08/28 | ||